Normal view
MARC view
Entry Personal Name
001 - CONTROL NUMBER
- control field: 9247
003 - CONTROL NUMBER IDENTIFIER
- control field: BD-RjUL
005 - DATE AND TIME OF LATEST TRANSACTION
- control field: 20230927103718.0
008 - FIXED-LENGTH DATA ELEMENTS
- fixed length control field: 230927|| aca||aabn | a|a d
040 ## - CATALOGING SOURCE
- Original cataloging agency: BD-RjUL
- Transcribing agency: BD-RjUL
100 ## - HEADING--PERSONAL NAME
- Personal name: চৌধুরী, মুনীর
- Dates associated with a name: ১৯২৫-১৯৭১
- Titles and other words associated with a name: সমালোচনা ও ব্যাখা
670 ## - SOURCE DATA FOUND
- Source citation: Work cat.: (BD-RjUL)82005: হোসেন, মো: ফরহাদ 3033, বাংলা নাট্যসাহিত্যে মুনীর চৌধুরীর অবদান /, ২০০৭